000 00689nam a22002297a 4500
003 UA-OsUOA
001 79073
007 ta
008 20111031b un ||||| |||| 00| 0 ukr d
100 _aСюндюков І.
700 _aЖуков А.
090 _a32
_bС98
942 _cSA
040 _aUA-OsUOA
_bukr
_cUA-OsUOA
_dUA-OsUOA
245 _aПрозріння Івана Лисяка-Рудницького. ДО 92-їрічниця з дня народження видатного Українського Історика та мислителя
300 _aС.10
955 _a0
041 _aukr
080 _a32
773 0 _w79071
650 7 _a32 Політика
_2UDC
999 _c365399
_d365399